Poemas de Francisco L. Bernárdez (Registro nro. 32367)

Detalles MARC
000 -ENCABEZADO
Número de control [NR] 00792nam a2200217Ia 4500
005 - FECHA Y HORA DE LA ÚLTIMA TRANSACCIÓN
control field 20211110120009.0
008 - DE LONGITUD FIJA DE DATOS DE ELEMENTOS - INFORMACIÓN GENERAL
Elementos de longitud fija [NR] 130821s1950 ck gr spa
040 ## - FUENTE DE CATALOGACION [NR]
Agencia de catalogación original [NR] Co-BoUCM
Idioma de catalogación [NR] spa
Quien Cataloga Saul Niño (Modificó)
Quien Clasifica [Nuevo]
041 00 - CODIGO DE IDIOMA [R]
Código de idioma para texto/pista de sonido o título separado [R] Español
100 10 - ASIENTO PRINCIPAL--NOMBRE PERSONAL [NR]
Nombre personal [NR] Bernández, Francisco Luis
Fechas asociadas con el nombre [NR] 1900-1978
ID Autoridad 81415
245 10 - MENCION DE TITULO [NR]
Título [NR] Poemas de Francisco L. Bernárdez
Mención de responsabilidad, etc. [NR] Francisco Luis Bernardez
260 ## - PUBLICACION, DISTRIBUCION, ETC. (PIE DE IMPRENTA) [R]
Lugar de publicación, distribución, etc. [R] Medellín (Antioquia, Colombia)
Nombre del editor, distribuidor, etc. [R] Horizontes
Fecha de publicación, distribución, etc. [R] [1950?]
300 ## - DESCRIPCION FISICA [R]
Extensión [R] 40 páginas
490 0# - MENCION DE SERIE [R]
Mención de serie [R] El Arco y la Lira; Poesía de Siempre
Designación numérica/secuencial del volumen [NR] 5
650 04 - ASIENTO SECUNDARIO DE MATERIA - TERMINO TEMATICO [R]
Término temático o nombre geográfico como elemento de entrada [NR] Literatura argentina
9 (RLIN) 18607
650 04 - ASIENTO SECUNDARIO DE MATERIA - TERMINO TEMATICO [R]
Término temático o nombre geográfico como elemento de entrada [NR] Poesía argentina
9 (RLIN) 21783
650 04 - ASIENTO SECUNDARIO DE MATERIA - TERMINO TEMATICO [R]
Término temático o nombre geográfico como elemento de entrada [NR] Poesía lírica
9 (RLIN) 21830
690 #0 - ASUNTO AGREGADO LOCAL DE ENTRADA - TÉRMINO TEMÁTICO (OCLC, RLIN)
Acceso temático local Literatura latinoamericana
9 (RLIN) 18700
942 ## - ELEMENTOS DE ENTRADA AGREGADOS (KOHA)
Tipo de ítem principal el descrito en 300a Libro
Tema principal Literatura
Edición 1
Prefijo de la signatura top. (colección) Literatura - Argentina
Parte restante de la signatura top. B518p
Sistema de clasificación DEWEY
Clasificación 861.44
Existencias
Signatura topográfica Código de barras Última vez visto Ejemplar Price effective from Tipo de ítem Perdido Sistema de clasificación Dañado No prestable Tipo de ítem específico Suprimido Ubicación habitual Ubicación actual Localización Fecha de creación Forma de adquisición Costo
A 861.44 B518p 100057502 09/12/2025 Ej.1 03/02/2013 Libro   DEWEY     Libro   Claustro Claustro 2do piso 28/02/2003 Donación 10000.00